Cities North of the Tropic of Cancer - Sudden Death - Statistics

General Stats
  • This quiz has been taken 14 times
  • The average score is 2 of 6
Answers on the Grid
Answers color-coded by a green-red scale on the quiz's grid according to % correct below.
Tokyo
Manila
Chongqing
Naypyidaw
Dhaka
Lucknow
Karachi
Mecca
Khartoum
Timbuktu
Monterrey
Honolulu
 
Answer Stats
Answer % Correct
Tokyo
100%
Monterrey
36%
Chongqing
27%
Dhaka
27%
Karachi
27%
Lucknow
27%
No matching quizzes found
Score Distribution
Percent of People with Each Score
Percentile by Number Answered
Your Score History
You have not taken this quiz